MARC details
| 000 -CABECERA |
| campo de control de longitud fija |
02393nam a2200397 a 4500 |
| 003 - IDENTIFICADOR DEL NÚMERO DE CONTROL |
| campo de control |
CHAP |
| 005 - FECHA Y HORA DE LA ÚLTIMA TRANSACCIÓN |
| campo de control |
20230503125404.0 |
| 007 - CAMPO FIJO DE DESCRIPCIÓN FÍSICA--INFORMACIÓN GENERAL |
| campo de control de longitud fija |
ta |
| 008 - DATOS DE LONGITUD FIJA--INFORMACIÓN GENERAL |
| campo de control de longitud fija |
230503s2020 ag d|||fr|||| 001 0 spa d |
| 020 ## - NÚMERO INTERNACIONAL ESTÁNDAR DEL LIBRO |
| Número Internacional Estándar del Libro |
987-9406-82-6 |
| 040 ## - FUENTE DE LA CATALOGACIÓN |
| Centro catalogador/agencia de origen |
mxchpua |
| Centro/agencia transcriptor |
CHAP |
| Normas de descripción |
rda |
| 050 10 - SIGNATURA TOPOGRÁFICA DE LA BIBLIOTECA DEL CONGRESO |
| Número de clasificación |
T55.9 |
| Número de documento/Ítem |
.S28 2020 |
| 082 00 - NÚMERO DE LA CLASIFICACIÓN DECIMAL DEWEY |
| Número de clasificación |
629.892 |
| Número de documento/Ítem |
S28 2020 |
| Número de edición |
20 |
| 100 1# - ENTRADA PRINCIPAL--NOMBRE DE PERSONA |
| 9 (RLIN) |
186897 |
| Nombre de persona |
Sauchelli, Víctor Hugo |
| Término indicativo de función/relación |
autor |
| 245 ## - MENCIÓN DE TÍTULO |
| Título |
Introducción a los sistemas de control digital / |
| Mención de responsabilidad, etc. |
Víctor Hugo Sauchelli |
| 250 ## - MENCIÓN DE EDICIÓN |
| Mención de edición |
1a edición |
| 264 ## - PRODUCCIÓN, PUBLICACIÓN, DISTRIBUCIÓN, FABRICACIÓN Y COPYRIGHT |
| Producción, publicación, distribución, fabricación y copyright |
Córdoba, Argentina : |
| Nombre del de productor, editor, distribuidor, fabricante |
Universitas, |
| Fecha de producción, publicación, distribución, fabricación o copyright |
2020 |
| 300 ## - DESCRIPCIÓN FÍSICA |
| Extensión |
247 páginas : |
| Otras características físicas |
gráficas, diagramas |
| 336 ## - TIPO DE CONTENIDO |
| Fuente |
rdacontent |
| Término de tipo de contenido |
texto |
| Código de tipo de contenido |
txt |
| 337 ## - TIPO DE MEDIO |
| Fuente |
rdamedia |
| Nombre/término del tipo de medio |
sin medio |
| Código del tipo de medio |
n |
| 338 ## - TIPO DE SOPORTE |
| Fuente |
rdacarrier |
| Nombre/término del tipo de soporte |
volumen |
| Código del tipo de soporte |
nc |
| 490 1# - MENCIÓN DE SERIE |
| Mención de serie |
Ingeniería (Universitas) |
| 504 ## - NOTA DE BIBLIOGRAFÍA, ETC. |
| Nota de bibliografía, etc. |
Bibliografía: página 247 |
| 505 0# - NOTA DE CONTENIDO CON FORMATO |
| Nota de contenido con formato |
• Proceso de Señales Digitales --<br/>• Transformadas Aplicadas a SLIT de Tiempo Discreto --<br/>• Análisis y Diseño por Métodos Convencionales --<br/>• Técnicas en Variables de Estado --<br/>• Representación de Señales Pasabanda --<br/>• Expansión en Fracciones Simples --<br/>• Introducción al Matlab para Sistema de Control |
| 520 2# - SUMARIO, ETC. |
| Sumario, etc. |
La Ingeniería del Control Automático juega un papel fundamental en los sistemas y procesos tecnológicos modernos. Los beneficios que se obtienen con un buen control pueden llegar a ser enormes. Estos beneficios incluyen productos de mejor calidad, menor consumo de energía, minimización de desechos, mayores niveles de seguridad y reducción de la polución.<br/><br/>Este libro, académico, intenta generar un equilibrio que pone un énfasis en el diseño teórico convencional y mediante técnicas con variables de estado, con la actividad real de aplicación de los controladores digitales y sistemas de control industriales, los beneficios de las teorías, o la ausencia de ellas, es más claramente percibida.<br/><br/>Con este libro usted podrá desarrollar conocimientos sobre Sistemas de Control Digital. |
| 650 13 - PUNTO DE ACCESO ADICIONAL DE MATERIA--TÉRMINO DE MATERIA |
| 9 (RLIN) |
147230 |
| Término de materia o nombre geográfico como elemento de entrada |
Electrónica digital |
| 650 17 - PUNTO DE ACCESO ADICIONAL DE MATERIA--TÉRMINO DE MATERIA |
| 9 (RLIN) |
58226 |
| Término de materia o nombre geográfico como elemento de entrada |
Ingeniería eléctronica |
| 650 17 - PUNTO DE ACCESO ADICIONAL DE MATERIA--TÉRMINO DE MATERIA |
| 9 (RLIN) |
58218 |
| Término de materia o nombre geográfico como elemento de entrada |
Ingeniería de sistemas |
| 650 17 - PUNTO DE ACCESO ADICIONAL DE MATERIA--TÉRMINO DE MATERIA |
| 9 (RLIN) |
8413 |
| Término de materia o nombre geográfico como elemento de entrada |
Automatización |
| 650 13 - PUNTO DE ACCESO ADICIONAL DE MATERIA--TÉRMINO DE MATERIA |
| 9 (RLIN) |
147229 |
| Término de materia o nombre geográfico como elemento de entrada |
Digital electronics |
| 650 13 - PUNTO DE ACCESO ADICIONAL DE MATERIA--TÉRMINO DE MATERIA |
| 9 (RLIN) |
186900 |
| Término de materia o nombre geográfico como elemento de entrada |
Electronic engineering |
| 650 13 - PUNTO DE ACCESO ADICIONAL DE MATERIA--TÉRMINO DE MATERIA |
| 9 (RLIN) |
186901 |
| Término de materia o nombre geográfico como elemento de entrada |
Systems engineering |
| 650 13 - PUNTO DE ACCESO ADICIONAL DE MATERIA--TÉRMINO DE MATERIA |
| 9 (RLIN) |
161636 |
| Término de materia o nombre geográfico como elemento de entrada |
Automation |
| 830 #0 - PUNTO DE ACCESO ADICIONAL DE SERIE-TÍTULO UNIFORME |
| 9 (RLIN) |
186882 |
| Título uniforme |
Ingeniería (Universitas) |
| 942 ## - ELEMENTOS DE PUNTO DE ACCESO ADICIONAL (KOHA) |
| Fuente del sistema de clasificación o colocación |
Dewey Decimal Classification |
| Tipo de ítem Koha |
|